000
00308nam a22001337a 4500
008
170302b xxu||||| |||| 00| 0 eng d
020
_a
9780716735250
041
_a
eng
080
_2
7TH
_a
575
100
_a
6
101
_a
SHM
245
_a
AN INTRODUCTION TO GENETIC ANALYSES
_c
FIXSEN, W.D
942
_2
udc
_c
BK
999
_c
6595
_d
6595